000 02277 a2200253 4500
003 UA-OsUOA
005 20260702163649.0
008 191112b un ||||| |||| 00| 0 ukr d
020 _a9786177501236
040 _aUA-OsUOA
_bukr
_cUA-OsUOA
_dUA-OsUOA
041 _aukr
080 _a329:324(477+100)
090 _a329:324(477+100)(063)
_bП50
245 _aПолітичні партії і вибори: українські та світові практики
_bзбірник статтей і тез за результатами наукової конференції "Політичні партії і вибори: українські та світові практики" (пам'яті Юрія Романовича Шведи) від 8 жовтня 2016 року
_cза заг. ред. А. Романюка
260 _aЛьвів
_c2017
_bПростір-М
300 _a382 с.
520 _aУ збірнику представлений аналіз політичних партій на регіональному рівні. Особливості розвитку політичного процесу на націцональному та регіональному рівні в Україні. Окремо розглянуто особливості розвитку партійних та виборчих систем в різних країнах світу. Значна частка публікацій побудована на залученні прийнятих у розвинених демократичних країнах методиках та техніках аналізу практичної діяльності політичних партій. Для викладачів, аспірантів та студентів вищих навчальних закладів, політичних аналітиків та всіх, хто цікавиться політикою.
591 _bМацієвський Ю. О.
650 _a329 Політичні партії та рухи
_969
700 1 _aРоманюк А.
_dза заг. ред.
_925786
942 _cBK
_2udc
955 _a1
999 _c442790
_d442790